Missing Word: Colorful Books Quiz Stats

 Plays Quiz Updated Mar 5, 2016

Challenge
Share
Tweet
Embed
Score 0/20 Timer 02:00
1 Play Today
Literary Title Missing Word % Correct
James and the ___ PeachGiant
93.1%
The ___ for Red OctoberHunt
89.1%
The ___ PurpleColor
87.2%
Anne of Green ___Gables
86.1%
Fried Green ___ at the Whistle Stop CafeTomatoes
79.5%
One ___, Two ___, Red ___, Blue ___Fish
79.4%
A ___ OrangeClockwork
78%
The Green ___Mile
70.8%
Where the Red ___ GrowsFern
69.3%
White ___Fang
56.3%
Literary Title Missing Word % Correct
___ in a Blue DressDevil
53.8%
Black Like ___Me
48.2%
The Scarlet ___Pimpernel
35.5%
Riders of the Purple ___Sage
22%
The ___ of the RoseName
21.9%
The Black ___ Stallion
17.6%
The Amber ___Spyglass
17.6%
The Red ___Tent
9%
The ___ of the White WormLair
8.5%
The Yellow ___ Wallpaper
7%

Today's Daily Dose

You're not logged in!

Compare scores with friends on all Sporcle quizzes.
Join for Free
OR
Log In

You Might Also Like...

Show Comments

Extras

Top Quizzes Today


Score Distribution

Your Account Isn't Verified!

In order to create a playlist on Sporcle, you need to verify the email address you used during registration. Go to your Sporcle Settings to finish the process.

Report this User

Report this user for behavior that violates our Community Guidelines.

Details: